[Event "Dreifluesse op"]
[Site "Passau"]
[Date "1998.04.12"]
[Round "6"]
[White "Roth, Stefan"]
[Black "Jauernig, Udo"]
[Result "1/2-1/2"]
[WhiteElo "2095"]
[BlackElo "2245"]

1.d4 e6 2.g3 Nf6 3.Bg2 d5 4.c4 Be7 5.Nf3 O-O 6.O-O Nbd7 7.Nc3 c6 8.Re1 dxc4
9.e4 b5 10.d5 Nc5 11.dxc6 Nd3 12.Re2 Qb6 13.Be3 Bc5 14.Bxc5 Qxc5 15.Ne1 b4
16.e5 bxc3 17.exf6 cxb2 18.fxg7 Re8 19.Rb1 Nxe1 20.Qxe1  1/2-1/2

[Event "Torino op"]
[Site "Torino"]
[Date "1998.04.25"]
[Round "1"]
[White "Dorfman, Josif D"]
[Black "Ranieri, Fabrizio"]
[Result "1-0"]
[WhiteElo "2600"]
[BlackElo "2195"]

1.c4 e6 2.g3 Nf6 3.Bg2 d5 4.Nf3 Be7 5.d4 O-O 6.Qc2 b6 7.cxd5 exd5 8.Nc3 Bb7
9.O-O c5 10.Bg5 Nbd7 11.Rad1 c4 12.Ne5 Rc8 13.Qa4 a6 14.Nxd7 Nxd7 15.Bxe7 Qxe7
16.Nxd5 Bxd5 17.Bxd5 Nf6 18.Bf3 Qa7 19.Qb4 Rfd8 20.a4 Nd5 21.Bxd5 Rxd5 22.e4 Rh5
23.d5 Qd7 24.f4 b5 25.axb5 Qa7+ 26.b6  1-0

[Event "Cutro"]
[Site "Cutro"]
[Date "1998.04.28"]
[Round "5"]
[White "Pegorari, Pietro"]
[Black "Cabrilo, Goran"]
[Result "1-0"]
[WhiteElo "2360"]
[BlackElo "2490"]

1.Nf3 Nf6 2.c4 e6 3.g3 d5 4.Bg2 Be7 5.d4 O-O 6.O-O dxc4 7.Qc2 a6 8.a4 Bd7
9.Rd1 Bc6 10.Nc3 Bxf3 11.Bxf3 Nc6 12.Bxc6 bxc6 13.Bg5 Rb8 14.Bxf6 Bxf6 15.Ne4 Rb4
16.e3 Qd5 17.Rac1 Rfb8 18.Nc5 Rxb2 19.Qxc4 Qf5 20.Rf1 a5 21.Nd7 R8b4 22.Qxc6 h5
23.Rc5 Qh3 24.Qa8+ Kh7 25.Qxa5 Kh6 26.Nxf6 gxf6 27.Qxc7  1-0

[Event "FRA-chT"]
[Site "FRA"]
[Date "1998.05.09"]
[Round "9"]
[White "Duquesnoy, Jean Philip"]
[Black "Lopez, Jorge"]
[Result "1/2-1/2"]
[WhiteElo "2240"]
[BlackElo "2195"]

1.d4 Nf6 2.c4 e6 3.g3 d5 4.Bg2 Be7 5.Nf3 O-O 6.O-O c6 7.Qc2 Nbd7 8.Nbd2 b6
9.e4 Bb7 10.b3 Rc8 11.Rd1 Qc7 12.Bb2 Rfd8 13.Rac1 Qb8 14.e5 Ne8 15.cxd5 cxd5
16.Qd3 Rxc1 17.Rxc1 Rc8 18.Rxc8 Qxc8 19.Bf1 Qc6 20.Nb1 Nc7 21.Qd2 Ba6 22.Bxa6 Nxa6
23.Ba3 Bxa3 24.Nxa3 h6 25.Kf1 Nf8 26.Ke2 Nc7 27.Qc2 Qxc2+ 28.Nxc2 Ng6 29.Nfe1 Ne7
30.Kd3 Kf8 31.Kc3 Ke8 32.a4 Kd7 33.Nd3 a5 34.Nf4 g6 35.Nd3 Na6 36.Ne3 Nc6
37.Ng4 h5 38.Nf6+ Ke7 39.Ng8+ Kf8 40.Nf6 Ke7 41.h4 Nab4 42.Nc1 Nb8 43.f3 Nd7
44.Nh7 Nf8 45.Nf6 Nd7 46.Nh7 Nf8 47.Ng5 f6 48.exf6+ Kxf6 49.Nd3 Nxd3 50.Kxd3 Nd7
51.Kc3 Nb8 52.Nh7+ Ke7 53.b4 Nc6 54.b5 Nd8 55.Kd3 Nf7 56.Ke3 Nd6 57.g4 Kf7
58.Ng5+ Kf6 59.Nh7+ Ke7 60.Ng5 Kf6  1/2-1/2

[Event "FRA-chT"]
[Site "FRA"]
[Date "1998.05.09"]
[Round "9"]
[White "Rausis, Igors"]
[Black "Roos, Louis"]
[Result "0-1"]
[WhiteElo "2520"]
[BlackElo "2360"]

1.Nf3 Nf6 2.c4 e6 3.g3 d5 4.d4 Be7 5.Bg2 O-O 6.O-O c6 7.Qc2 b6 8.b3 a5 9.Nbd2 a4
10.bxa4 Qd7 11.e4 Qa7 12.e5 Nfd7 13.cxd5 cxd5 14.Nb3 Ba6 15.Re1 Rc8 16.Qd1 Nc6
17.Ng5 Bxg5 18.Bxg5 Nb4 19.Qg4 Bd3 20.a5 bxa5 21.Rec1 Bf5 22.Qd1 Nc2 23.Rab1 a4
24.Nc5 Nxc5 25.dxc5 Qxc5 26.g4 Bg6 27.h4 h6 28.h5 Bh7 29.Bd2 Qd4 30.Rb7 Qxe5
31.Qf3 f6 32.Bf1 Be4 33.Qd1 Nd4 34.Rc3 Rxc3 35.Bxc3 Nf3+ 36.Qxf3 d4 37.Bxd4 Qxd4
38.Rd7 Qxd7 39.Qxe4 Qd5 40.Qc2 Qd4 41.Be2 Rb8 42.Qc6 Rb1+  0-1

[Event "Capablanca mem 33th Elite"]
[Site "Havana"]
[Date "1998.05.10"]
[Round "3"]
[White "Nogueiras, Jesus"]
[Black "Morovic Fernandez, Ivan"]
[Result "1/2-1/2"]
[WhiteElo "2520"]
[BlackElo "2600"]

1.Nf3 Nf6 2.c4 e6 3.g3 d5 4.Bg2 Be7 5.d4 O-O 6.O-O dxc4 7.Qc2 a6 8.Qxc4 b5
9.Qc2 Bb7 10.Bf4 Nd5 11.Nc3 Nxf4 12.gxf4 Nd7 13.Rfd1 Qc8 14.Rac1 Ra7 15.Ne5 Bxg2
16.Kxg2 c5 17.dxc5 Nxe5 18.fxe5 Bxc5 19.Ne4 Qa8 20.Kg1 Be7 21.Qc6 Qxc6 22.Rxc6 Rfa8
23.Nd6 Kf8 24.Nc8 Rb7 25.Kg2 Ke8 26.Rdc1 a5 27.Kf3 Rab8 28.Ke4 Rd7 29.Nd6+ Bxd6
30.exd6 f6 31.Kd4 b4 32.f4 Rdb7 33.e4 Rb5 34.R1c5 Kd8 35.Rc8+ Rxc8 36.Rxb5 Rc2
37.e5 fxe5+ 38.fxe5 Rxb2 39.Rxa5 Rxh2 40.Ra7 Rd2+ 41.Kc5 g5 42.Rxh7 Rxa2
43.Kxb4 Re2 44.Kc5 g4 45.Rg7 Re4 46.Kb5 Rf4 47.Kc5 Re4 48.Kb5 Rd4 49.Rg6 Kd7
50.Rg5 Kd8 51.Kc5 Re4 52.Rh5 Kd7 53.Rh7+ Kd8 54.Ra7 Re1 55.Ra8+ Kd7 56.Ra7+ Kd8
57.Kd4 g3 58.Rg7 Rg1 59.Ke3 Re1+ 60.Kf4 Rf1+ 61.Ke4 Re1+  1/2-1/2

[Event "Madrid Magistral 7th"]
[Site "Madrid"]
[Date "1998.05.21"]
[Round "9"]
[White "Illescas Cordoba, Miguel"]
[Black "Beliavsky, Alexander G"]
[Result "1/2-1/2"]
[WhiteElo "2600"]
[BlackElo "2690"]

1.Nf3 Nf6 2.c4 e6 3.g3 d5 4.d4 Be7 5.Bg2 O-O 6.O-O dxc4 7.Qc2 a6 8.a4 Bd7
9.Rd1 Bc6 10.Nc3 Bxf3 11.Bxf3 Nc6 12.Bxc6 bxc6 13.Bg5 Rb8 14.Bxf6 Bxf6 15.Ne4 Rb4
16.e3 Qd5 17.Rac1 Rfb8 18.Nc5 a5 19.Qe2 Be7 20.e4 Qd8 21.Na6 Rxb2 22.Qxc4 R8b6
23.Nc5 R2b4 24.Qc2 h5 25.Nd3 Rxd4 26.Ne5 Rb2 27.Qxb2 Rxd1+ 28.Kg2 Rd2 29.Rc2 Bb4
30.Rxd2 Bxd2 31.Qc2 Qd6 32.Nxc6 g6 33.Qc4 Be1 34.Qc2 Bb4 35.f4 Bc5 36.Nxa5 Qd4
37.Nc6 Qg1+ 38.Kh3 Qf1+ 39.Kh4 Qf3 40.Kg5 Bf8 41.Ne5  1/2-1/2

[Event "Villa Martelli"]
[Site "Villa Martelli"]
[Date "1998.05.22"]
[Round "4"]
[White "Vescovi, Giovanni"]
[Black "Milos, Gilberto"]
[Result "1/2-1/2"]
[WhiteElo "2480"]
[BlackElo "2555"]

1.d4 Nf6 2.c4 e6 3.g3 d5 4.Nf3 Be7 5.Bg2 O-O 6.O-O dxc4 7.Qc2 a6 8.a4 Nc6
9.Qxc4 Qd5 10.Nbd2 Rd8 11.e3  1/2-1/2

[Event "Hamburg-chI"]
[Site "Hamburg"]
[Date "1998.05.30"]
[Round "2"]
[White "Wendt, Jan Dietrich"]
[Black "Voigt, Martin"]
[Result "1-0"]
[WhiteElo "2275"]
[BlackElo "2265"]

1.c4 e6 2.Nf3 Nf6 3.g3 d5 4.d4 Be7 5.Bg2 Nbd7 6.O-O c6 7.b3 O-O 8.Nc3 b6
9.Bb2 Ba6 10.Nd2 Rc8 11.e4 c5 12.exd5 cxd4 13.dxe6 fxe6 14.Nce4 Nc5 15.Nxc5 bxc5
16.Qe2 Qb6 17.Rae1 Rce8 18.Qxe6+ Qxe6 19.Rxe6 Bc8 20.Re2 Bd8 21.Rfe1 Ba5
22.Rxe8 Nxe8 23.Bc1 Nf6 24.h3 Bf5 25.Re7 Bxd2 26.Bxd2 Bb1 27.a3 Ba2 28.b4 cxb4
29.Bxb4 Bxc4 30.Rc7 Be2 31.Bxf8 Kxf8 32.f4 d3 33.Kf2 Nh5 34.Bf3 Bxf3 35.Kxf3 Nf6
36.Rc3  1-0

[Event "Sarajevo Bosnia"]
[Site "Sarajevo"]
[Date "1998.06.02"]
[Round "5"]
[White "Kozul, Zdenko"]
[Black "Georgiev, Kiril"]
[Result "1/2-1/2"]
[WhiteElo "2585"]
[BlackElo "2675"]

1.d4 Nf6 2.Nf3 d5 3.c4 e6 4.g3 Be7 5.Bg2 O-O 6.O-O dxc4 7.Qc2 a6 8.a4 Bd7
9.Qxc4 Bc6 10.Bg5 Bd5 11.Qd3 c5 12.Bxf6 Bxf6 13.e4 Bc6 14.Rd1 cxd4 15.e5 Be7
16.Nxd4 Bxg2 17.Kxg2 Qd5+ 18.Nf3 Qxd3 19.Rxd3 Nc6 20.Rd7 Rab8 21.Nd4 Nxd4
22.Rxd4 Rfd8 23.Rxd8+ Rxd8 24.Nc3 Rd2 25.b3 Kf8 26.Ne4 Re2 27.Rc1 Rxe4 28.Rc8+ Bd8
29.Rxd8+ Ke7 30.Rd6 Rb4 31.Rd3 g5 32.h3 h5 33.Kf3 a5 34.Ke3 Kf8 35.Kd2 h4
36.g4 b5 37.axb5 Rxb5 38.Re3 Ke7 39.Kc3 Rb4 40.f3 Kd7 41.Re4 Rb5 42.Rd4+ Ke7
43.Re4 Rc5+ 44.Kd2 Rd5+ 45.Kc2 Ke8 46.Re1 Kd7 47.Re4 Kc6 48.f4 gxf4 49.Rxf4 Rxe5
50.Rxf7 Re3 51.Ra7 Rxh3 52.Rxa5 Rg3 53.Rg5 h3 54.Rh5 Rg2+ 55.Kc3 h2 56.b4 e5
57.b5+ Kb6 58.Kd3 Rxg4  1/2-1/2

[Event "Stockholm Elo"]
[Site "Stockholm"]
[Date "1998.06.06"]
[Round "1"]
[White "Sandstrom, Ludvig"]
[Black "Norqvist, Jorgen"]
[Result "1-0"]
[WhiteElo "2325"]
[BlackElo "2125"]

1.d4 d5 2.Nf3 Nf6 3.c4 e6 4.g3 Be7 5.Bg2 O-O 6.O-O c6 7.Qc2 b6 8.b3 Bb7 9.Nc3 Nbd7
10.Rd1 Rc8 11.e4 dxe4 12.Nxe4 Nxe4 13.Qxe4 Qc7 14.Ng5 Nf6 15.Qc2 Rcd8 16.Bf4 Bd6
17.Bxd6 Rxd6 18.c5 Rd7 19.b4 Rfd8 20.Nf3 bxc5 21.dxc5 a5 22.a3 axb4 23.axb4 Rxd1+
24.Rxd1 Nd5 25.Qb2 Ba6 26.Ra1 Qb7 27.h4 h6 28.Ne5 Bb5 29.Kh2 Rb8 30.Ra5 Qc7
31.Be4 Nxb4 32.Qa1 Na6 33.Bxc6 Bxc6 34.Rxa6 Bb5 35.Ra8 Rxa8 36.Qxa8+ Kh7
37.Qe4+ Kg8 38.Qd4 Kf8 39.c6 f6 40.Qc5+ Ke8 41.Ng6 Bxc6 42.Qf8+ Kd7 43.Qxg7+ Kc8
44.Qxf6 Qb6 45.Ne7+ Kd7 46.Nxc6 Qxc6 47.Qxh6 Qf3 48.Qe3 Qh5 49.Kg2 Qd5+ 50.Qf3 Qd4
51.Kh3 Ke7 52.h5 Qd2 53.Qf4 Qd1 54.Qg5+ Kf7 55.Kg2 Qd3 56.Qg6+ Qxg6 57.hxg6+ Kxg6
58.Kf3 Kf5 59.Ke3 Ke5 60.g4 Kf6  1-0

[Event "Russian Club Cup"]
[Site "Maikop"]
[Date "1998.06.07"]
[Round "5"]
[White "Iljushin, Alexei"]
[Black "Kiriakov, Petr"]
[Result "1/2-1/2"]
[WhiteElo "2460"]
[BlackElo "2495"]

1.d4 e6 2.c4 Nf6 3.g3 d5 4.Bg2 Be7 5.Nf3 O-O 6.O-O dxc4 7.Ne5 Nc6 8.Nxc6 bxc6
9.Na3 Bxa3 10.bxa3 Nd5 11.Qa4 Nb6 12.Qa5 Rb8 13.Rd1 Nd5 14.a4 Qd6 15.e4 Qb4
16.Bd2 c3 17.Qxb4 Rxb4 18.Be1 Nb6 19.Bxc3 Rxa4 20.a3 Rd8 21.Bb4 Ba6 22.Rac1 Be2
23.Rd2 Bb5 24.Bf1 Rd7 25.Bc5 e5 26.Rcd1 Bxf1 27.Kxf1 exd4 28.Rxd4 Raxd4 29.Rxd4 Rxd4
30.Bxd4 f6 31.Ke2 Kf7 32.Kd3 Ke6 33.Bc5 g5 34.f3 a6 35.Kd4 Nd7 36.h3 h5 37.Bb4 c5+
38.Bxc5 Nxc5 39.Kxc5 Ke5 40.Kc6 h4 41.gxh4 gxh4 42.a4 Kf4 43.Kxc7 Kxf3 44.Kb6 Kxe4
45.Kxa6 f5 46.Kb6 f4 47.a5 f3 48.a6 f2 49.a7 f1=Q 50.a8=Q+ Ke3 51.Qe8+ Kf3
52.Qh5+  1/2-1/2

[Event "Dov Porath mem"]
[Site "Givatayim"]
[Date "1998.06.08"]
[Round "6"]
[White "Mikhalevski, Victor"]
[Black "Tsesarsky, Ilya"]
[Result "1-0"]
[WhiteElo "2545"]
[BlackElo "2425"]

1.d4 Nf6 2.c4 e6 3.g3 d5 4.Bg2 Be7 5.Nf3 O-O 6.Qc2 a6 7.Nbd2 b6 8.e4 dxc4
9.Nxc4 Bb7 10.e5 Nd5 11.O-O Nd7 12.h4 h6 13.Qe4 Kh8 14.Qg4 Qe8 15.Bd2 Rc8
16.Rac1 Ba8 17.Kh2 b5 18.Na5 c5 19.dxc5 Nxc5 20.Nd4 f5 21.exf6 Nxf6 22.Qe2 Bxg2
23.Kxg2 Qd7 24.Nf3 Qd5 25.Rfd1 Qxa2 26.Bb4 Nce4 27.Bxe7 Qxa5 28.Bxf8 Rxf8
29.Rd4 Qa2 30.Rxe4 Nxe4 31.Qxe4 Qxb2 32.Rc2  1-0

[Event "Keres mem op"]
[Site "Tallin"]
[Date "1998.06.18"]
[Round "5"]
[White "Veingold, Aleksandr"]
[Black "Vorobjov, Pavel"]
[Result "1-0"]
[WhiteElo "2475"]
[BlackElo "2110"]

1.d4 Nf6 2.Nf3 e6 3.c4 d5 4.g3 Be7 5.Bg2 O-O 6.O-O Nbd7 7.Qc2 c6 8.Nbd2 b6
9.e4 Nxe4 10.Nxe4 dxe4 11.Qxe4 Bb7 12.Rd1 Qc7 13.Bf4 Bd6 14.Bxd6 Qxd6 15.c5 Qe7
16.Rac1 Nf6 17.Qc2 Nd5 18.Ne5 b5 19.Be4 g6 20.Re1 Qc7 21.h4 f6 22.Nd3 Rae8
23.Re2 Qf7 24.Rce1 Bc8 25.Qd2 Kg7 26.Bg2 Bd7 27.a3 Kh8 28.Bh3 Re7 29.Qa5 Bc8
30.Bg2 Rfe8 31.Bxd5 cxd5 32.Qxb5 h6 33.f4 g5 34.fxg5 hxg5 35.hxg5 e5 36.gxf6 Rb7
37.Nxe5 Rxe5 38.Rh2+ Kg8 39.Rxe5  1-0

[Event "White Nights op"]
[Site "St Petersburg"]
[Date "1998.06.24"]
[Round "5"]
[White "Nikolaev, Nikita"]
[Black "Nikolaev, Vadim S"]
[Result "1/2-1/2"]
[WhiteElo "2330"]
[BlackElo "2280"]

1.d4 Nf6 2.Nf3 d5 3.c4 e6 4.g3 Be7 5.Bg2 O-O 6.O-O Nbd7 7.Nc3 c6 8.Qb3 Nb6
9.c5 Nbd7 10.Bf4 b6 11.cxb6 axb6 12.Rac1 Ba6 13.Rfe1 c5 14.Rcd1 c4 15.Qc2 b5
16.a3 b4 17.axb4 Bxb4 18.Ne5 Bb7 19.Nxc4 Qe7 20.Ne5 Nxe5 21.Bxe5 Nd7 22.Bf4 Nb6
23.Ra1 h6 24.Red1 Rfe8 25.Rxa8 Bxa8 26.Bd2 Bc6 27.e3 Nc4 28.Be1 Qb7 29.Bf1 Rb8
30.Ra1 Be7 31.Nd1 g6 32.Bc3 h5 33.Bd3 f5 34.Qe2 Nd6 35.b4 Nb5 36.Be1 Qd7
37.Ra2 Bd6 38.f4 Qe7 39.Rb2 Kg7 40.h4 Kh6 41.Nf2 Qd7 42.Nh3 Na3 43.Ng5 Nc4
44.Bxc4 dxc4 45.Qxc4 Bd5 46.Qe2 Ba8 47.Bd2 Be7 48.e4 Qxd4+ 49.Be3 Qd7 50.Ra2 Bf6
51.Rd2 Qb7 52.b5 Rc8 53.Qd1 Qxb5 54.Rd7 Bg7 55.Nxe6 Qc6 56.Ng5 Qc3 57.Rd3 Qb2
58.Qb3 Qxb3 59.Rxb3 fxe4 60.f5 gxf5 61.Rb6+ Bc6 62.Ra6 Kg6 63.Ne6 Be5 64.Nf4+ Bxf4
65.Bxf4 Kf6 66.Kf2 Ke6 67.Ke3 Kd7 68.Ra7+ Kd8 69.Bg5+ Ke8 70.Rh7  1/2-1/2

[Event "World op"]
[Site "Philadelphia"]
[Date "1998.06.29"]
[Round "3"]
[White "Wojtkiewicz, Aleksander"]
[Black "Ziatdinov, Raset"]
[Result "1-0"]
[WhiteElo "2535"]
[BlackElo "2515"]

1.Nf3 d5 2.d4 Nf6 3.c4 e6 4.g3 Be7 5.Bg2 O-O 6.Qc2 c6 7.O-O b6 8.Rd1 Bb7
9.Nc3 Nbd7 10.b3 Rc8 11.e4 dxe4 12.Ng5 c5 13.dxc5 Bxc5 14.Bxe4 Qc7 15.Bxh7+ Kh8
16.Be4 Nxe4 17.Ncxe4 f5 18.Qe2 g6 19.Bb2+ Kg8 20.Nd6 e5 21.Nxb7  1-0

[Event "SVK-ch"]
[Site "Prievidza"]
[Date "1998.06.30"]
[Round "4.9"]
[White "Krivoshey, Sergei"]
[Black "Krajcovic, Branislav"]
[Result "1-0"]
[WhiteElo "2475"]
[BlackElo "2145"]

1.Nf3 d5 2.d4 Nf6 3.c4 e6 4.g3 Be7 5.Bg2 O-O 6.O-O dxc4 7.Qc2 a6 8.a4 c5
9.Rd1 Nc6 10.Na3 Nb4 11.Qb1 Bd7 12.dxc5 Qc7 13.Nxc4 Bxc5 14.Nce5 Be8 15.Bf4 Nfd5
16.Ng5 Nc2 17.Bxd5 exd5 18.Nd3 Qc6 19.Nxc5 Qxc5 20.b4 Qc6 21.Ra2 f6 22.Rxc2 Qd7
23.Rc7 fxg5 24.Rxd7 Bxd7 25.Bxg5 Bxa4 26.Rxd5 Bc6 27.Re5 Rf7 28.Re7  1-0

[Event "SVK-ch"]
[Site "Prievidza"]
[Date "1998.07.03"]
[Round "7.49"]
[White "Nahalka, Jan"]
[Black "Kisonova, Katarina"]
[Result "1/2-1/2"]
[WhiteElo "2060"]
[BlackElo "1902"]

1.d4 d5 2.c4 e6 3.g3 Nf6 4.Bg2 Be7 5.Nf3 O-O 6.O-O Nbd7 7.Qc2 Re8 8.Nbd2 Bd6
9.b3 c6 10.Bb2 Bc7 11.Rfd1 Qe7 12.Rac1 Nb6 13.e4 dxe4 14.Nxe4 Nxe4 15.Qxe4 c5
16.Re1 cxd4 17.Qxd4 f6 18.Nh4 Be5 19.Qd2 Bxb2 20.Qxb2 Qc7 21.Re3 Bd7 22.Rce1 e5
23.Be4 Bc6 24.Bf5 Red8 25.Qe2 Rd6 26.Rd1  1/2-1/2

[Event "Politiken Cup"]
[Site "Copenhagen"]
[Date "1998.07.08"]
[Round "5"]
[White "Adamski, Jan"]
[Black "Lyrberg, Patrik"]
[Result "1/2-1/2"]
[WhiteElo "2345"]
[BlackElo "2430"]

1.Nf3 d5 2.c4 e6 3.g3 Nf6 4.Bg2 Be7 5.d4 O-O 6.Qc2 c5 7.dxc5 Qa5+ 8.Nc3 dxc4
9.O-O Nc6 10.Bg5 Qxc5 11.Bxf6 Bxf6 12.Ne4 Qe7 13.Nfd2 Rd8 14.Nxf6+ Qxf6 15.Ne4 Qe5
16.Rfd1 Bd7 17.Qxc4 Be8 18.Nc5  1/2-1/2

[Event "Politiken Cup"]
[Site "Copenhagen"]
[Date "1998.07.09"]
[Round "6"]
[White "Koskinen, Henri"]
[Black "Thorhallsson, Throstur"]
[Result "1-0"]
[WhiteElo "2310"]
[BlackElo "2480"]

1.d4 Nf6 2.Nf3 d5 3.c4 e6 4.g3 Be7 5.Bg2 Nbd7 6.O-O O-O 7.Qc2 c6 8.b3 b6
9.Bb2 Bb7 10.Rd1 Rc8 11.Nc3 Qc7 12.e4 Nxe4 13.Nxe4 dxe4 14.Qxe4 c5 15.Qe2 cxd4
16.Nxd4 Nc5 17.Nb5 Qb8 18.Qg4 g6 19.Bxb7 Qxb7 20.Nd6 Bxd6 21.Rxd6 Ne4 22.Rd4 f5
23.Qf4 Rc5 24.Rad1 Nf6 25.Rd8 Rxd8 26.Rxd8+ Kf7 27.Qh6 Qe7 28.Bxf6  1-0

[Event "Politiken Cup"]
[Site "Copenhagen"]
[Date "1998.07.13"]
[Round "9"]
[White "Bjarnehag, Peter"]
[Black "Petersen, Steen"]
[Result "1-0"]
[WhiteElo "2290"]
[BlackElo "2130"]

1.Nf3 Nf6 2.c4 e6 3.g3 d5 4.d4 Be7 5.Bg2 O-O 6.O-O Nbd7 7.Qc2 c6 8.Nbd2 b6
9.e4 dxe4 10.Nxe4 Bb7 11.Rd1 Qc8 12.Ne5 Nxe5 13.dxe5 Nxe4 14.Bxe4 g6 15.Bh6 Rd8
16.h4 Qc7 17.Qc3 c5 18.Qf3 Bxe4 19.Qxe4 Rxd1+ 20.Rxd1 Rd8 21.Rxd8+ Qxd8 22.Kg2 Qc8
23.Kh3 f6 24.exf6 Bxf6 25.b3 Kf7 26.g4 Qd7 27.Qf3 e5 28.Kg2 Ke6 29.g5 Be7
30.Bf8 Qd8 31.Bxe7 Qxe7 32.Qd5+ Kf5 33.f3 Qe8 34.Kg3 Qe7 35.Qc6 Qd8 36.a3 Qe7
37.Qc8+  1-0

[Event "Politiken Cup"]
[Site "Copenhagen"]
[Date "1998.07.15"]
[Round "11"]
[White "Bjarnehag, Peter"]
[Black "Koskela, Niina"]
[Result "1/2-1/2"]
[WhiteElo "2290"]
[BlackElo "2190"]

1.d4 Nf6 2.c4 e6 3.g3 d5 4.Nf3 Be7 5.Bg2 O-O 6.O-O c6 7.Qc2 b6 8.Nbd2 Bb7
9.e4 dxc4 10.Nxc4 Nbd7 11.Rd1 Ne8 12.h4 b5 13.Ne3 Qc8 14.Bh3 a5 15.a4 Qc7
16.Bd2 Ra7 17.Bg2 Ba8 18.axb5 cxb5 19.Qxc7 Nxc7 20.Rxa5 Rxa5 21.Bxa5 Na6
22.d5 Ndc5 23.Ne5 Nb3 24.Bb6 Nb4 25.dxe6 fxe6 26.Nd3 Nxd3 27.Rxd3 Nc5 28.Bxc5 Bxc5
29.e5 Bxg2 30.Kxg2 Ra8 31.Rb3 Ra5 32.Kf3 Kf7 33.Ke2 b4 34.f4 Ra1 35.Nd1 Rc1
36.Rd3 Kg6 37.Kd2 Ra1 38.Rd7 h5 39.Rc7 Bg1 40.Rb7 Bh2 41.Rxb4 Bxg3 42.Ke2 Kh7
43.Ne3 Re1+ 44.Kf3 Bxh4 45.Rb6 Rb1 46.Rxe6 Rxb2 47.Nf5 Rb3+ 48.Kg2 Bd8 49.Rd6 Rb2+
50.Kf3 Rb3+ 51.Ke2 Rb2+ 52.Kd1 Rb8 53.Rd7 Kg6 54.Nxg7 h4 55.f5+ Kg5 56.Rd2 h3
57.Ne6+ Kxf5 58.Nxd8 h2 59.Rxh2 Rxd8+  1/2-1/2

[Event "San Francisco Mechanics"]
[Site "San Francisco"]
[Date "1998.07.17"]
[Round "8"]
[White "Gurevich, Dmitry"]
[Black "Christiansen, Larry Mark"]
[Result "1/2-1/2"]
[WhiteElo "2540"]
[BlackElo "2575"]

1.d4 Nf6 2.c4 e6 3.g3 d5 4.Bg2 Be7 5.Nf3 O-O 6.Qc2 dxc4 7.Qxc4 a6 8.Qc2 b5
9.Ne5 Ra7 10.O-O Bb7 11.Bxb7 Rxb7 12.Rd1 Qc8 13.Nc6 Nxc6 14.Qxc6 Rb6 15.Qf3 Rd8
16.Nc3 Rbd6 17.Be3 b4 18.Na4 Rd5 19.Rdc1 Qd7 20.b3 h5 21.Bf4 Bd6 22.Bxd6 Qxd6
23.e3 e5 24.Nc5 Qb6 25.Na4 Qe6 26.Nc5 Qc8 27.a3 bxa3 28.b4 exd4 29.e4 Re5
30.Rxa3 Rde8 31.Re1 Qg4 32.Qxg4 hxg4 33.Rxa6 Nxe4 34.Nxe4 Rxe4 35.Rxe4 Rxe4
36.Ra8+ Kh7 37.Rd8 f5 38.Kg2 c6 39.h3 gxh3+ 40.Kxh3 d3 41.Rxd3 Rxb4 42.Rc3 Rb6
43.Rc5 Kg6 44.Kh4 Kf6 45.Kh5 Ra6 46.Rc2 f4 47.gxf4 Kf5 48.Rc5+ Kxf4 49.Kg6 Kf3
50.Kxg7 Kxf2  1/2-1/2

[Event "Smith & Williamson"]
[Site "Witley"]
[Date "1998.07.23"]
[Round "8"]
[White "Broomfield, Matthew"]
[Black "Churm, Rohan"]
[Result "1/2-1/2"]
[WhiteElo "2105"]
[BlackElo "2115"]

1.Nf3 d5 2.d4 e6 3.g3 Nf6 4.Bg2 Be7 5.c4 dxc4 6.Qa4+ Bd7 7.Qxc4 Bc6 8.Nc3 Nbd7
9.O-O O-O 10.Qd3 b6 11.Rd1 Bd6 12.e4 e5 13.b3 Qe7 14.Bb2 Rad8 15.Re1 Rfe8
16.Rad1 Qf8 17.Qc2 a6 18.a4 Bb7 19.h3 h6 20.Kh2 Kh8 21.Kg1  1/2-1/2

[Event "Oberwart op"]
[Site "Oberwart"]
[Date "1998.07.27"]
[Round "3"]
[White "Kranz, Armin"]
[Black "Balinov, Ilija"]
[Result "1/2-1/2"]
[WhiteElo "2185"]
[BlackElo "2450"]

1.d4 e6 2.Nf3 Nf6 3.c4 d5 4.g3 Be7 5.Bg2 O-O 6.O-O dxc4 7.Qc2 a6 8.Qxc4 b5
9.Qc2 Bb7 10.Bg5 Be4 11.Qc3 Nbd7 12.Bxf6 Nxf6 13.Nbd2 Bb7 14.Nb3 b4 15.Qc2 Be4
16.Qc1 Rc8 17.Rd1 Qd5 18.Nc5 Bxc5 19.Qxc5 Qb7 20.Rac1 Nd7 21.Qh5 h6 22.Ne1 Bxg2
23.Nxg2 Rfd8 24.Ne3 Nf6 25.Qc5 Rd6 26.Rc4 Rb6  1/2-1/2

[Event "RUS-ch51"]
[Site "St Petersburg"]
[Date "1998.07.28"]
[Round "1"]
[White "Poluljahov, Aleksandr"]
[Black "Pigusov, Evgeny"]
[Result "1/2-1/2"]
[WhiteElo "2530"]
[BlackElo "2605"]

1.d4 Nf6 2.Nf3 e6 3.c4 d5 4.g3 Be7 5.Bg2 O-O 6.O-O dxc4 7.Qc2 a6 8.Qxc4 b5
9.Qc2 Bb7 10.Bf4 Nc6 11.Nbd2 Nxd4 12.Nxd4 Bxg2 13.Nxe6 fxe6 14.Kxg2 Nd5 15.Be5 c5
16.Nf3 Qe8 17.a4 Qh5 18.axb5 axb5 19.Rxa8 Rxa8 20.Rd1 Rf8 21.Qe4 Rd8 22.g4 Qe8
23.Ra1 Qc6 24.Kg1  1/2-1/2

[Event "Oberwart op"]
[Site "Oberwart"]
[Date "1998.08.01"]
[Round "8"]
[White "Kiss, Attila"]
[Black "Sepetavc, Walter"]
[Result "1-0"]
[WhiteElo "2340"]
[BlackElo "2020"]

1.d4 d5 2.c4 e6 3.Nf3 Nf6 4.g3 Be7 5.Bg2 O-O 6.O-O b6 7.Nc3 Bb7 8.Ne5 Nbd7
9.Qa4 c5 10.Nxd7 Nxd7 11.cxd5 cxd4 12.Qxd4 exd5 13.Nxd5 Nc5 14.Rd1 Re8 15.Be3 Bf8
16.Rac1 Rc8 17.Qg4 Re6 18.Nf4 Rd6 19.Rxd6  1-0

[Event "Wch (Men) U26"]
[Site "Rotterdam"]
[Date "1998.08.13"]
[Round "3"]
[White "Papaioannou, Ioannis"]
[Black "Andreev, Eduard"]
[Result "1-0"]
[WhiteElo "2520"]
[BlackElo "2330"]

1.d4 e6 2.Nf3 Nf6 3.g3 d5 4.Bg2 Be7 5.c4 O-O 6.O-O c6 7.Qc2 Nbd7 8.Rd1 b6
9.b3 Bb7 10.Nc3 Rc8 11.e4 Ba8 12.e5 Ne8 13.cxd5 cxd5 14.Qd2 Bb7 15.Bb2 Ba6
16.h4 Nb8 17.Ne2 Bb5 18.Nf4 a5 19.a3 Na6 20.Bh3 a4 21.b4 Nac7 22.Kh1 Bc4
23.Rac1 g6 24.Ng2 Ng7 25.Re1 f5 26.exf6 Bxf6 27.Ne3  1-0

[Event "Wch (Men) U26"]
[Site "Rotterdam"]
[Date "1998.08.16"]
[Round "5"]
[White "Banikas, Hristos"]
[Black "Yin Hao"]
[Result "1/2-1/2"]
[WhiteElo "2490"]
[BlackElo "2380"]

1.d4 Nf6 2.c4 e6 3.g3 d5 4.Bg2 Be7 5.Nf3 O-O 6.O-O Nbd7 7.Qc2 c6 8.Rd1 Ne4
9.b3 f5 10.Ba3 Bxa3 11.Nxa3 Ndf6 12.Ne5 Bd7 13.Qb2 Be8 14.Nc2 Bh5 15.Ne1 Nd7
16.Nxd7 Qxd7 17.f3 Nd6 18.Qc1 Qe7 19.Nd3 h6 20.c5 Ne8 21.a4 Nf6 22.b4 Nd7
23.Qe3 Rfe8 24.f4 a6 25.Bf3 Bf7 26.Rdb1 Reb8 27.b5 Qd8 28.bxc6 bxc6 29.Qd2 a5
30.Qe1 Kf8 31.Rxb8 Rxb8 32.Rb1 Rxb1 33.Qxb1 Qc7 34.Qb2 Be8 35.Nc1 Nb8 36.e3 Na6
37.Na2 Bd7 38.Be2 Nb8 39.Nc1 Be8 40.Kf2 Ke7 41.Qc3 Na6 42.Nb3 Nb4 43.Ke1 Qa7
44.Kd2 Kd8 45.Qb2 Qc7 46.Qc3 Ke7 47.Kd1 Kf8 48.Qd2 g5 49.Kc1 g4 50.Kb2 Ke7
51.Ka3 Kd8 52.Nxa5 Qxa5 53.Qxb4 Qxb4+ 54.Kxb4 Kc7 55.Ka5 Bd7 56.Ka6 Bc8+
57.Ka7 Bd7 58.Ba6 Be8 59.Bf1 Bh5 60.Bg2 Be8 61.Ka6 Bh5 62.Bf1 Be8 63.h3 gxh3
64.Bxh3 Bh5 65.Bf1 Bd1 66.Ka5 Kb7 67.Ba6+ Kc7 68.Kb4 Kb8 69.a5 Kc7 70.Bd3 Bh5
71.a6 Kb8 72.Ka5 Ka7 73.Bc2 Bg6 74.Ba4 Be8 75.Bd1 Bf7 76.Be2 Bg6 77.g4 fxg4
78.Bxg4 Bf7 79.f5 exf5 80.Bxf5 Be8 81.e4 dxe4 82.Bxe4 h5 83.d5 cxd5 84.Bxd5 h4
85.Be6 Bc6 86.Bh3 Be8 87.Bg2 Bd7 88.c6 Bc8 89.c7 h3 90.Bxh3  1/2-1/2

[Event "Asia-ch"]
[Site "Teheran"]
[Date "1998.08.21"]
[Round "6"]
[White "Ghorbani, Mohsen"]
[Black "Ghane, Shojaat"]
[Result "1-0"]
[WhiteElo "2430"]
[BlackElo "2265"]

1.d4 e6 2.c4 Nf6 3.Nf3 d5 4.g3 Be7 5.Bg2 O-O 6.O-O Nbd7 7.Nbd2 c6 8.Qc2 b6
9.b3 Bb7 10.Rd1 Rc8 11.e4 Qc7 12.e5 Ne8 13.h4 c5 14.Ba3 dxc4 15.bxc4 Nb8
16.dxc5 bxc5 17.Rab1 Nc6 18.Ne4 Nb4 19.Qe2 Nxa2 20.Rxb7 Qxb7 21.Nd4 Qa6 22.Nb5 Nb4
23.Rd7 Nc6 24.Nec3 Rd8 25.Bxc6 Rxd7 26.Bxd7 Qa5 27.Bb2 a6 28.Na3 Nc7 29.Bc6 Rb8
30.Be4 Qb4 31.Nd1 Rd8 32.Bc1 a5 33.Kg2 a4 34.Ne3 Na6 35.Qc2 h6 36.Nb5 Qb3
37.Qe2 Nb4 38.Qf3 Nd3 39.Bxd3 Qxd3 40.Qb7 Bf8 41.Ba3 Qe2 42.Nd6 Qh5 43.Qc7 Ra8
44.Qxc5 f6 45.Qc6 Rb8 46.exf6 Rb3 47.fxg7 Be7 48.g4 Qg6 49.Ndf5 Bxa3 50.Qc8+  1-0

[Event "Asia-ch"]
[Site "Teheran"]
[Date "1998.08.26"]
[Round "10"]
[White "Ghorbani, Mohsen"]
[Black "Ismail, Ahmad"]
[Result "0-1"]
[WhiteElo "2430"]
[BlackElo "2040"]

1.d4 d5 2.Nf3 Nf6 3.c4 e6 4.g3 Be7 5.Bg2 O-O 6.O-O c5 7.cxd5 Nxd5 8.dxc5 Bxc5
9.a3 a5 10.e4 Nf6 11.Qc2 Qb6 12.Nc3 Na6 13.Bf4 Bd7 14.Ne5 Bb5 15.Rfd1 h6
16.Nxb5 Qxb5 17.Bf1 Qb6 18.Qe2 Rac8 19.Kg2 g5 20.Bc1 Rfd8 21.Nc4 Qc7 22.Bd2 Qc6
23.f3 a4 24.Bc3 Be7 25.Na5 Qb6 26.Nxb7 Rxd1 27.Rxd1 Rxc3 28.bxc3 Qxb7 29.Qxa6 Qb2+
30.Qe2 Qxa3 31.c4 Qc5 32.e5 Nh7 33.Rb1 a3 34.Qe4 Nf8 35.Rb8 Kg7 36.Ra8 Qb4
37.Bd3 Qb2+ 38.Qe2 Qd4 39.Bc2 Qb2 40.Bd3 Qd4 41.Bc2 Qb2 42.Bd3 Qd4 43.Ra5 Bc5
44.f4 gxf4 45.gxf4 h5 46.f5 exf5 47.Bxf5 Ng6 48.Bxg6 fxg6 49.h4 Qg1+ 50.Kh3 Bf2
51.Qf3 Qf1+ 52.Qg2 Qd3+ 53.Kh2 Be3 54.Qb7+ Kh6 55.Qf3 Qd2+ 56.Kh3 Bf4 57.Qxf4+ Qxf4
58.Rxa3 Qf5+ 59.Kg2 Qxe5 60.Ra2 Qe4+  0-1

[Event "Herzliya"]
[Site "Herzliya"]
[Date "1998.09.11"]
[Round "6"]
[White "Schlosser, Philipp"]
[Black "Psakhis, Lev"]
[Result "1/2-1/2"]
[WhiteElo "2505"]
[BlackElo "2560"]

1.d4 Nf6 2.c4 e6 3.Nf3 d5 4.g3 Be7 5.Bg2 O-O 6.O-O dxc4 7.Qc2 a6 8.Qxc4 b5
9.Qc2 Bb7 10.Bg5 Nbd7 11.Bxf6 Nxf6 12.Nbd2 Rc8 13.Nb3 Be4 14.Qc3 Nd5 15.Qc6 Qd6
16.Rfc1 Qxc6 17.Rxc6 Nb6 18.Rcc1 Nc4 19.Nbd2 Nxd2 20.Nxd2 Bxg2 21.Kxg2 c5
22.dxc5 Bxc5 23.Rc2 Be7 24.Rac1  1/2-1/2